Представление документа в формате RUSMARC

ПолеНазваниеЗначение
  Тип записи a
  Библиографический уровень m
001 Контрольный номер 994e729726544b069fd7f3056bcff484
005 Дата корректировки 20140616144125.5
010 Индекс ISBN __
a ISBN 5-8291-0292-7
010 Индекс ISBN __
a ISBN 5-902357-02-0
200 Заглавие и сведения об ответственности 1_
a Заглавие Информационная безопасность
e Сведения, относящиеся к заглавию Учеб. пособие для вузов
f Первые сведения об ответственности Ярочкин Владимир Иванович
210 Выходные данные 1_
a Место издания М.
c Издательство Академ.проект:Фонд"Мир"
d Дата издания 2003
215 Физическое описание __
a Объем 638 с.
225 Серия 2_
a Серия Gaudeamus
300 Общие примечания __
a Общие примечания гриф МО
610 Ключевые слова 0_
a Ключевые слова информационная безопасность
610 Ключевые слова 0_
a Ключевые слова защита информации
610 Ключевые слова 0_
a Ключевые слова способы защиты
610 Ключевые слова 0_
a Ключевые слова гриф МО
610 Ключевые слова 0_
a Ключевые слова учебное пособие
610 Ключевые слова 0_
a Ключевые слова утечка информации
610 Ключевые слова 0_
a Ключевые слова конфиденциальная информация
610 Ключевые слова 0_
a Ключевые слова аудит информационной информации
686 Индексы других классификаций __
a Классификационный индекс 32.973.2я73
2 Код системы rubbk
686 Индексы других классификаций __
a Классификационный индекс 67.623.3я73
2 Код системы rubbk
700 Автор _1
a Фамилия Ярочкин Владимир Иванович
801 Источник записи _0
a Страна RU
b Организация РУК
c Дата составления 20040126
g Правила каталогизации PSBO
801 Источник записи _1
a Страна RU
b Организация РУК
c Дата составления 20040126
g Правила каталогизации PSBO
852 Данные о местонахождении __
i Авторский знак Я77
j Шифр хранения ББК 32
901 Тип документа __
t Тип документа m
938 Служебная информация __
a Название организации Головной вуз
b Имя БД BOOK
c Название АИБС АИБС ИРБИС
952 Тип литературы __
b Гриф литературы для ВШ гриф МО